000 00570nam a2200229Ia 4500
003 0100
008 130303s9999 xx 000 0 und d
020 _a0268010854
040 _cARRUPELIB
050 _aBD241.H375 1988
100 _aGadamer, H.-G. ...(et al.)
245 _aHermeneutics versus science?
245 _bthree German views, essays
260 _aNotre Dame
260 _bUniversity of Notre Dame Press
260 _C1988
300 _a176p.
300 _b 23 cm.
650 _aPHILOSOPHY
700 _aConnolly, John M. (ed.)
942 0 0 _01
999 _c21747
_d21747